[Event "DVM U12 2018"]
[Site "Magdeburg GER"]
[Date "2018.12.27"]
[Round "2"]
[White "Helms, Finn"]
[Black "Aravindan, Midhulan"]
[Result "1-0"]
[Termination "normal"]
[Board "3.3"]
[WhiteElo "1618"]
[BlackElo "1511"]
[WhiteClock "00:13:44"]
[BlackClock "00:22:26"]
[WhiteTeam "SC Turm Lüneburg"]
[BlackTeam "DJK Aufwärts St. Josef Aachen"]
[PlyCount "95"]
[WhiteFideId "16249143"]
[BlackFideId "16237250"]
[EventCountry "GER"]
[EventRounds "7"]
[EventType "team-swiss"]
[EventDate "2018.12.26"]

1. c4 {[%clk 1:30:59]} Nf6 {[%clk 1:30:41]} 2. Nc3 {[%clk 1:31:22]} e6 {[%clk
1:31:03]} 3. g3 {[%clk 1:31:44]} Be7 {[%clk 1:30:05]} 4. Bg2 {[%clk 1:32:05]}
O-O {[%clk 1:30:10]} 5. Nf3 {[%clk 1:32:21]} c5 {[%clk 1:29:31]} 6. O-O {[%clk
1:32:24]} Nc6 {[%clk 1:29:28]} 7. d3 {[%clk 1:32:36]} b6 {[%clk 1:28:27]} 8.
Bf4 {[%clk 1:31:52]} a6 {[%clk 1:27:30]} 9. e4 {[%clk 1:23:58]} Bb7 {[%clk
1:26:39]} 10. e5 {[%clk 1:24:10]} Ne8 {[%clk 1:26:27]} 11. Ne4 {[%clk 1:10:07]}
d5 {[%clk 1:22:21]} 12. Neg5 {[%clk 1:07:53]} h6 {[%clk 1:22:26]} 13. Nh3
{[%clk 1:05:39]} d4 {[%clk 1:19:55]} 14. Bd2 {[%clk 1:00:56]} Qc7 {[%clk
1:17:06]} 15. Re1 {[%clk 1:00:22]} b5 {[%clk 1:16:37]} 16. b3 {[%clk 1:00:26]}
b4 {[%clk 1:16:15]} 17. Qc1 {[%clk 0:59:39]} Kh7 {[%clk 1:12:46]} 18. Nf4
{[%clk 0:53:58]} a5 {[%clk 1:07:16]} 19. Nh5 {[%clk 0:44:33]} Rh8 {[%clk
1:04:48]} 20. g4 {[%clk 0:43:34]} Kg8 {[%clk 1:04:32]} 21. Ng3 {[%clk 0:43:00]}
a4 {[%clk 0:59:16]} 22. h3 {[%clk 0:34:33]} axb3 {[%clk 0:58:22]} 23. axb3
{[%clk 0:34:50]} Na5 {[%clk 0:56:12]} 24. Qc2 {[%clk 0:32:44]} Bc6 {[%clk
0:52:45]} 25. Ne4 {[%clk 0:31:10]} Qb7 {[%clk 0:52:22]} 26. Qd1 {[%clk
0:28:29]} Nc7 {[%clk 0:47:43]} 27. Bf4 {[%clk 0:23:29]} Kf8 {[%clk 0:43:27]}
28. Re2 {[%clk 0:20:12]} Ra7 {[%clk 0:42:18]} 29. Ne1 {[%clk 0:20:05]} Ke8
{[%clk 0:41:08]} 30. Nd6+ {[%clk 0:19:49]} Bxd6 {[%clk 0:40:24]} 31. exd6
{[%clk 0:20:08]} Na8 {[%clk 0:33:51]} 32. Rea2 {[%clk 0:19:21]} Bxg2 {[%clk
0:33:30]} 33. Nxg2 {[%clk 0:19:39]} Nc6 {[%clk 0:32:07]} 34. Rxa7 {[%clk
0:19:02]} Nxa7 {[%clk 0:31:11]} 35. Qe2 {[%clk 0:18:25]} Nc6 {[%clk 0:29:46]}
36. Qa2 {[%clk 0:18:02]} Kd7 {[%clk 0:26:19]} 37. Qe2 {[%clk 0:15:21]} Nb6
{[%clk 0:25:34]} 38. Bg3 {[%clk 0:14:15]} g5 {[%clk 0:25:00]} 39. Qf3 {[%clk
0:14:26]} Rh7 {[%clk 0:23:52]} 40. Qe4 {[%clk 0:14:20]} Rg7 {[%clk 0:23:38]}
41. Be5 {[%clk 0:14:40]} Rg6 {[%clk 0:22:23]} 42. f4 {[%clk 0:12:48]} gxf4
{[%clk 0:22:11]} 43. Nxf4 {[%clk 0:13:02]} Rg5 {[%clk 0:22:26]} 44. Bf6 {[%clk
0:12:54]} Rg8 {[%clk 0:22:18]} 45. Qh7 {[%clk 0:13:06]} Ra8 {[%clk 0:22:03]}
46. Qxf7+ {[%clk 0:13:22]} Kc8 {[%clk 0:22:12]} 47. Qe8+ {[%clk 0:13:44]} Nd8
{[%clk 0:22:26]} 48. Qxd8# 1-0

[Event "DVM U12 2018"]
[Site "Magdeburg GER"]
[Date "2018.12.27"]
[Round "2"]
[White "Kageler, Anton Paul"]
[Black "Nitsche, Nikolai"]
[Result "1/2-1/2"]
[Termination "normal"]
[Board "4.1"]
[WhiteElo "1480"]
[BlackElo "1695"]
[WhiteClock "00:04:04"]
[BlackClock "00:00:59"]
[WhiteTeam "SV Roter Turm Halle"]
[BlackTeam "SV Empor Berlin"]
[PlyCount "67"]
[WhiteFideId "16244850"]
[BlackFideId "16221036"]
[EventCountry "GER"]
[EventRounds "7"]
[EventType "team-swiss"]
[EventDate "2018.12.26"]

1. e4 {[%clk 1:30:55]} e6 {[%clk 1:30:55]} 2. d4 {[%clk 1:31:20]} d5 {[%clk
1:31:19]} 3. Nd2 {[%clk 1:31:42]} Be7 {[%clk 1:31:39]} 4. e5 {[%clk 1:31:53]}
c5 {[%clk 1:31:26]} 5. c3 {[%clk 1:30:52]} Nc6 {[%clk 1:31:02]} 6. Bd3 {[%clk
1:27:08]} cxd4 {[%clk 1:18:21]} 7. cxd4 {[%clk 1:21:35]} Qb6 {[%clk 1:18:26]}
8. Ndf3 {[%clk 1:20:06]} Bd7 {[%clk 1:17:03]} 9. Ne2 {[%clk 1:17:19]} Bb4+
{[%clk 1:03:22]} 10. Bd2 {[%clk 1:13:15]} Bxd2+ {[%clk 1:03:21]} 11. Qxd2
{[%clk 1:10:51]} Nge7 {[%clk 1:03:11]} 12. a3 {[%clk 1:06:15]} Na5 {[%clk
1:02:37]} 13. Qg5 {[%clk 0:50:29]} Nb3 {[%clk 0:48:20]} 14. Rb1 {[%clk
0:46:30]} g6 {[%clk 0:46:42]} 15. O-O {[%clk 0:41:53]} Nc6 {[%clk 0:37:31]} 16.
Qf6 {[%clk 0:38:35]} Rf8 {[%clk 0:29:46]} 17. Qh4 {[%clk 0:35:02]} h5 {[%clk
0:27:56]} 18. Bc2 {[%clk 0:31:28]} Nca5 {[%clk 0:26:50]} 19. Rfd1 {[%clk
0:28:19]} Rc8 {[%clk 0:19:57]} 20. Bd3 {[%clk 0:23:24]} Bb5 {[%clk 0:15:33]}
21. Bxb5+ {[%clk 0:21:20]} Qxb5 {[%clk 0:15:51]} 22. Nc3 {[%clk 0:20:17]} Qc6
{[%clk 0:15:56]} 23. Ng5 {[%clk 0:19:45]} Nc4 {[%clk 0:14:10]} 24. Qf4 {[%clk
0:18:54]} Rc7 {[%clk 0:02:21]} 25. Nh7 {[%clk 0:18:29]} Rh8 {[%clk 0:02:48]}
26. Nf6+ {[%clk 0:18:45]} Kd8 {[%clk 0:03:08]} 27. Rd3 {[%clk 0:15:23]} Nca5
{[%clk 0:01:15]} 28. Qe3 {[%clk 0:13:13]} Kc8 {[%clk 0:01:19]} 29. Qe1 {[%clk
0:10:45]} Kb8 {[%clk 0:01:05]} 30. Na2 {[%clk 0:09:36]} Qc4 {[%clk 0:01:00]}
31. Qd1 {[%clk 0:06:30]} Nxd4 {[%clk 0:00:56]} 32. Nb4 {[%clk 0:04:17]} Ndc6
{[%clk 0:01:09]} 33. Rc1 {[%clk 0:04:04]} Qb5 {[%clk 0:00:59]} 34. Rdc3 1/2-1/2

[Event "DVM U12 2018"]
[Site "Magdeburg GER"]
[Date "2018.12.27"]
[Round "2"]
[White "Freude, Max"]
[Black "Derling, Charlotte"]
[Result "1-0"]
[Termination "normal"]
[Board "4.2"]
[WhiteElo "1440"]
[BlackElo "1399"]
[WhiteClock "00:29:47"]
[BlackClock "00:06:35"]
[WhiteTeam "SV Empor Berlin"]
[BlackTeam "SV Roter Turm Halle"]
[PlyCount "69"]
[WhiteFideId "16236157"]
[BlackFideId "16222237"]
[EventCountry "GER"]
[EventRounds "7"]
[EventType "team-swiss"]
[EventDate "2018.12.26"]

1. b3 {[%clk 1:30:56]} d6 {[%clk 1:29:20]} 2. Bb2 {[%clk 1:29:55]} Nc6 {[%clk
1:28:52]} 3. e3 {[%clk 1:30:08]} Nf6 {[%clk 1:26:40]} 4. Be2 {[%clk 1:28:33]}
Bf5 {[%clk 1:26:00]} 5. Nf3 {[%clk 1:27:21]} e5 {[%clk 1:24:58]} 6. d3 {[%clk
1:25:50]} Be7 {[%clk 1:23:36]} 7. Nbd2 {[%clk 1:25:46]} O-O {[%clk 1:22:28]} 8.
O-O {[%clk 1:24:43]} Re8 {[%clk 1:17:21]} 9. e4 {[%clk 1:20:56]} Bg4 {[%clk
1:16:24]} 10. h3 {[%clk 1:20:13]} Be6 {[%clk 1:13:49]} 11. Nc4 {[%clk 1:14:13]}
b5 {[%clk 1:02:19]} 12. Ne3 {[%clk 1:12:13]} a6 {[%clk 1:00:36]} 13. Qd2 {[%clk
1:08:27]} Nb8 {[%clk 0:57:54]} 14. Nh2 {[%clk 1:05:35]} c5 {[%clk 0:57:03]} 15.
c4 {[%clk 1:02:42]} Nc6 {[%clk 0:53:12]} 16. Nd5 {[%clk 0:59:41]} Bf8 {[%clk
0:44:58]} 17. f4 {[%clk 0:58:08]} Bxd5 {[%clk 0:35:38]} 18. cxd5 {[%clk
0:57:47]} Nd4 {[%clk 0:34:15]} 19. Bxd4 {[%clk 0:56:40]} cxd4 {[%clk 0:33:26]}
20. f5 {[%clk 0:56:14]} Qd7 {[%clk 0:31:19]} 21. g4 {[%clk 0:54:09]} Qb7 {[%clk
0:28:26]} 22. g5 {[%clk 0:52:32]} Nd7 {[%clk 0:27:42]} 23. h4 {[%clk 0:50:25]}
Be7 {[%clk 0:25:38]} 24. Ng4 {[%clk 0:48:47]} Rf8 {[%clk 0:24:24]} 25. Kg2
{[%clk 0:43:03]} f6 {[%clk 0:22:39]} 26. g6 {[%clk 0:40:19]} hxg6 {[%clk
0:19:54]} 27. fxg6 {[%clk 0:39:50]} Rfc8 {[%clk 0:18:30]} 28. h5 {[%clk
0:39:05]} Bf8 {[%clk 0:14:18]} 29. h6 {[%clk 0:36:51]} Nc5 {[%clk 0:10:50]} 30.
hxg7 {[%clk 0:31:31]} Bxg7 {[%clk 0:07:58]} 31. Nxf6+ {[%clk 0:30:14]} Bxf6
{[%clk 0:08:01]} 32. Rxf6 {[%clk 0:30:27]} Rd8 {[%clk 0:07:14]} 33. Rf7 {[%clk
0:29:46]} Rd7 {[%clk 0:06:59]} 34. Raf1 {[%clk 0:29:52]} Re8 {[%clk 0:06:35]}
35. Qh6 {[%clk 0:29:47]} 1-0

[Event "DVM U12 2018"]
[Site "Magdeburg GER"]
[Date "2018.12.27"]
[Round "2"]
[White "Adelmeyer, Nelly"]
[Black "Monninkhoff, Yari"]
[Result "1/2-1/2"]
[Termination "normal"]
[Board "4.3"]
[WhiteElo "1475"]
[BlackElo "1207"]
[WhiteClock "00:48:09"]
[BlackClock "00:57:43"]
[WhiteTeam "SV Roter Turm Halle"]
[BlackTeam "SV Empor Berlin"]
[PlyCount "57"]
[WhiteFideId "16203577"]
[BlackFideId "16236149"]
[EventCountry "GER"]
[EventRounds "7"]
[EventType "team-swiss"]
[EventDate "2018.12.26"]

1. e4 {[%clk 1:30:59]} e5 {[%clk 1:30:53]} 2. Nf3 {[%clk 1:31:24]} Nc6 {[%clk
1:31:14]} 3. d4 {[%clk 1:31:49]} exd4 {[%clk 1:31:24]} 4. Nxd4 {[%clk 1:32:13]}
Bc5 {[%clk 1:31:42]} 5. Be3 {[%clk 1:32:34]} Qf6 {[%clk 1:31:31]} 6. c3 {[%clk
1:32:58]} Nge7 {[%clk 1:31:26]} 7. Be2 {[%clk 1:33:10]} O-O {[%clk 1:31:44]} 8.
O-O {[%clk 1:33:32]} d5 {[%clk 1:31:47]} 9. Nxc6 {[%clk 1:31:03]} Qxc6 {[%clk
1:32:08]} 10. Bxc5 {[%clk 1:31:04]} Qxc5 {[%clk 1:32:29]} 11. exd5 {[%clk
1:29:15]} Nxd5 {[%clk 1:32:33]} 12. Nd2 {[%clk 1:28:23]} Be6 {[%clk 1:29:17]}
13. Bf3 {[%clk 1:27:16]} c6 {[%clk 1:28:13]} 14. Nb3 {[%clk 1:25:46]} Qb6
{[%clk 1:27:05]} 15. Qc2 {[%clk 1:24:01]} Rfe8 {[%clk 1:24:28]} 16. Nd4 {[%clk
1:23:28]} Nf6 {[%clk 1:23:12]} 17. Rfe1 {[%clk 1:21:28]} Bd5 {[%clk 1:19:21]}
18. Bxd5 {[%clk 1:19:38]} Nxd5 {[%clk 1:17:49]} 19. Qb3 {[%clk 1:16:15]} g6
{[%clk 1:10:54]} 20. Rad1 {[%clk 1:10:41]} Rad8 {[%clk 1:08:52]} 21. g3 {[%clk
1:06:50]} Nf6 {[%clk 1:06:08]} 22. Qxb6 {[%clk 1:03:03]} axb6 {[%clk 1:06:05]}
23. f3 {[%clk 0:58:16]} Kg7 {[%clk 1:04:05]} 24. Kf2 {[%clk 0:54:52]} Rxe1
{[%clk 0:56:51]} 25. Rxe1 {[%clk 0:55:03]} Re8 {[%clk 0:57:01]} 26. Rxe8 {[%clk
0:54:50]} Nxe8 {[%clk 0:57:26]} 27. Ke3 {[%clk 0:54:58]} Nd6 {[%clk 0:57:40]}
28. b3 {[%clk 0:54:46]} Kf6 {[%clk 0:57:43]} 29. f4 {[%clk 0:48:09]} 1/2-1/2

[Event "DVM U12 2018"]
[Site "Magdeburg GER"]
[Date "2018.12.27"]
[Round "2"]
[White "Ellert, Stefan"]
[Black "Fiedler, Ian Fynn"]
[Result "1-0"]
[Termination "normal"]
[Board "4.4"]
[WhiteElo "1464"]
[BlackElo "1208"]
[WhiteClock "01:18:47"]
[BlackClock "00:04:59"]
[WhiteTeam "SV Empor Berlin"]
[BlackTeam "SV Roter Turm Halle"]
[PlyCount "131"]
[WhiteFideId "16235029"]
[BlackFideId "16275012"]
[EventCountry "GER"]
[EventRounds "7"]
[EventType "team-swiss"]
[EventDate "2018.12.26"]

1. e4 {[%clk 1:30:41]} c5 {[%clk 1:30:54]} 2. Nf3 {[%clk 1:31:05]} d6 {[%clk
1:31:14]} 3. d4 {[%clk 1:31:30]} cxd4 {[%clk 1:31:23]} 4. Nxd4 {[%clk 1:31:59]}
Nf6 {[%clk 1:31:37]} 5. Nc3 {[%clk 1:32:19]} g6 {[%clk 1:31:02]} 6. g3 {[%clk
1:32:42]} Bg7 {[%clk 1:31:23]} 7. Bg2 {[%clk 1:33:02]} O-O {[%clk 1:31:33]} 8.
O-O {[%clk 1:33:23]} Nc6 {[%clk 1:30:22]} 9. Nde2 {[%clk 1:33:29]} Ne5 {[%clk
1:28:00]} 10. h3 {[%clk 1:32:48]} Bd7 {[%clk 1:27:54]} 11. f4 {[%clk 1:31:05]}
Nc6 {[%clk 1:25:34]} 12. Nd5 {[%clk 1:25:49]} Re8 {[%clk 1:18:24]} 13. Rb1
{[%clk 1:21:12]} Qc8 {[%clk 1:15:52]} 14. Kh2 {[%clk 1:21:03]} e5 {[%clk
0:55:36]} 15. Nxf6+ {[%clk 1:20:23]} Bxf6 {[%clk 0:55:39]} 16. Qxd6 {[%clk
1:20:45]} Re6 {[%clk 0:53:49]} 17. Qd2 {[%clk 1:19:35]} Qc7 {[%clk 0:46:03]}
18. f5 {[%clk 1:17:29]} Rd6 {[%clk 0:42:43]} 19. Qe3 {[%clk 1:15:49]} Bg7
{[%clk 0:33:57]} 20. Qf2 {[%clk 1:12:47]} Rf8 {[%clk 0:32:31]} 21. Bg5 {[%clk
1:12:50]} f6 {[%clk 0:29:52]} 22. Be3 {[%clk 1:12:57]} a6 {[%clk 0:29:30]} 23.
Bc5 {[%clk 1:13:19]} Rd2 {[%clk 0:22:26]} 24. Bxf8 {[%clk 1:13:37]} Kxf8 {[%clk
0:21:44]} 25. fxg6 {[%clk 1:12:36]} hxg6 {[%clk 0:20:33]} 26. Rfd1 {[%clk
1:12:40]} Rxc2 {[%clk 0:17:34]} 27. Qe3 {[%clk 1:12:42]} Rc4 {[%clk 0:14:22]}
28. b3 {[%clk 1:11:59]} Rb4 {[%clk 0:14:07]} 29. Qc5+ {[%clk 1:12:25]} Kg8
{[%clk 0:12:23]} 30. Qd5+ {[%clk 1:12:43]} Kf8 {[%clk 0:10:43]} 31. Qxd7 {[%clk
1:10:47]} Qxd7 {[%clk 0:10:39]} 32. Rxd7 {[%clk 1:11:15]} Kg8 {[%clk 0:10:00]}
33. Kg1 {[%clk 1:10:56]} Nd4 {[%clk 0:09:11]} 34. Nxd4 {[%clk 1:11:25]} Rxd4
{[%clk 0:08:59]} 35. Rxd4 {[%clk 1:11:53]} exd4 {[%clk 0:09:19]} 36. Kf2 {[%clk
1:12:05]} Kf7 {[%clk 0:09:27]} 37. Rc1 {[%clk 1:12:24]} Ke6 {[%clk 0:09:37]}
38. Ke2 {[%clk 1:12:46]} Ke5 {[%clk 0:09:49]} 39. Kd3 {[%clk 1:13:00]} b5
{[%clk 0:09:10]} 40. Rc5+ {[%clk 1:13:15]} Kd6 {[%clk 0:09:46]} 41. Rd5+ {[%clk
1:14:02]} Ke6 {[%clk 0:08:57]} 42. Rxd4 {[%clk 1:14:20]} Ke5 {[%clk 0:08:45]}
43. Rd7 {[%clk 1:14:13]} Bf8 {[%clk 0:08:45]} 44. h4 {[%clk 1:13:47]} Ke6
{[%clk 0:06:51]} 45. Rd4 {[%clk 1:13:37]} Bc5 {[%clk 0:06:16]} 46. Bh3+ {[%clk
1:13:54]} Ke7 {[%clk 0:05:50]} 47. Rd7+ {[%clk 1:14:07]} Ke8 {[%clk 0:05:55]}
48. Rb7 {[%clk 1:14:10]} Kd8 {[%clk 0:05:25]} 49. a4 {[%clk 1:14:31]} bxa4
{[%clk 0:05:37]} 50. bxa4 {[%clk 1:14:59]} Ke8 {[%clk 0:05:48]} 51. Kc4 {[%clk
1:15:21]} Bd6 {[%clk 0:05:45]} 52. Kd5 {[%clk 1:15:40]} Bxg3 {[%clk 0:06:02]}
53. Ke6 {[%clk 1:15:37]} a5 {[%clk 0:05:10]} 54. Kxf6 {[%clk 1:16:01]} Bxh4+
{[%clk 0:04:47]} 55. Kxg6 {[%clk 1:16:08]} Kd8 {[%clk 0:04:17]} 56. Rh7 {[%clk
1:16:18]} Be7 {[%clk 0:04:02]} 57. Rxe7 {[%clk 1:16:26]} Kxe7 {[%clk 0:04:05]}
58. e5 {[%clk 1:16:48]} Ke8 {[%clk 0:04:14]} 59. e6 {[%clk 1:16:53]} Ke7 {[%clk
0:04:25]} 60. Kg7 {[%clk 1:17:17]} Ke8 {[%clk 0:04:29]} 61. Kf6 {[%clk
1:17:33]} Kf8 {[%clk 0:04:30]} 62. e7+ {[%clk 1:17:48]} Ke8 {[%clk 0:04:39]}
63. Bd7+ {[%clk 1:18:17]} Kxd7 {[%clk 0:04:24]} 64. Kf7 {[%clk 1:19:12]} Kd6
{[%clk 0:05:15]} 65. e8=Q {[%clk 1:19:33]} Kd5 {[%clk 0:04:59]} 66. Qe6+ {[%clk
1:18:47]} 1-0

[Event "DVM U12 2018"]
[Site "Magdeburg GER"]
[Date "2018.12.27"]
[Round "2"]
[White "Laux, Dominik"]
[Black "Buschmann, Mark"]
[Result "1/2-1/2"]
[Termination "normal"]
[Board "5.1"]
[WhiteElo "2058"]
[BlackElo "1351"]
[WhiteTeam "VSG 1880 Offenbach"]
[BlackTeam "Muldental Wilkau-Haßlau"]
[PlyCount "107"]
[WhiteFideId "12994219"]
[BlackFideId "16275217"]
[EventCountry "GER"]
[EventRounds "7"]
[EventType "team-swiss"]
[EventDate "2018.12.26"]

1. d4 Nf6 2. Bg5 h6 3. Bxf6 exf6 4. g3 Be7 5. Bg2 d5 6. e3 Be6 7. Ne2 Nd7 8.
Nd2 O-O 9. O-O c5 10. Nf4 Nb6 11. dxc5 Bxc5 12. Nb3 Be7 13. Nd4 Bc8 14. Qf3 Qd6
15. Nxd5 Nxd5 16. Qxd5 Qxd5 17. Bxd5 Bc5 18. Rfd1 Rd8 19. Bf3 Rb8 20. Rd2 b6
21. Rad1 Rd7 22. c3 Ba6 23. Nc6 Rxd2 24. Rxd2 Rc8 25. Rd7 Bb5 26. Ne7+ Bxe7 27.
Rxe7 a6 28. Rb7 Bc6 29. Bxc6 Rxc6 30. Kf1 Rd6 31. Ke2 Kf8 32. a4 a5 33. e4 Ke8
34. Ke3 Kf8 35. f4 Ke8 36. Rc7 Kf8 37. b4 axb4 38. cxb4 Rd1 39. Rc6 Ra1 40.
Rxb6 Rxa4 41. Rb7 Ra2 42. h4 Ra3+ 43. Kf2 Ra2+ 44. Kf3 Ra3+ 45. Kg2 Ra2+ 46.
Kh3 Re2 47. h5 Rxe4 48. b5 g6 49. hxg6 fxg6 50. b6 Rb4 51. Rb8+ Kg7 52. Rb7+
Kg8 53. Rb8+ Kg7 54. Rb7+ 1/2-1/2

[Event "DVM U12 2018"]
[Site "Magdeburg GER"]
[Date "2018.12.27"]
[Round "2"]
[White "Helmer, Teo"]
[Black "Werner, Rosalie"]
[Result "0-1"]
[Termination "normal"]
[Board "5.2"]
[WhiteElo "1323"]
[BlackElo "1572"]
[WhiteTeam "Muldental Wilkau-Haßlau"]
[BlackTeam "VSG 1880 Offenbach"]
[PlyCount "80"]
[WhiteFideId "16275225"]
[BlackFideId "16223748"]
[EventCountry "GER"]
[EventRounds "7"]
[EventType "team-swiss"]
[EventDate "2018.12.26"]

1. e4 e6 2. d4 d5 3. e5 c5 4. c3 Nc6 5. Nf3 Qb6 6. Be3 Qxb2 7. Nfd2 Qxa1 8. Qc2
c4 9. Ke2 a5 10. g3 a4 11. Bg2 a3 12. Nxa3 Qxh1 13. Bxh1 Bxa3 14. Bf3 Nge7 15.
Bh5 Nf5 16. Nf3 g6 17. Bg4 Nxe3 18. Kxe3 O-O 19. Ke2 Kg7 20. Qd2 Be7 21. h4 Bd7
22. Nh2 Ra7 23. Ke1 Rfa8 24. Bd1 Rxa2 25. Qe3 Ra1 26. Ng4 Kh8 27. Qh6 Bf8 28.
Qg5 Na5 29. h5 Ba4 30. hxg6 Bxd1 31. Qh4 Bxg4+ 32. Kd2 Nb3+ 33. Ke3 Re1+ 34.
Kf4 Re4+ 35. Kg5 Be7+ 36. Kh6 Bxh4 37. f3 Bxf3 38. gxh7 Bxg3 39. Kg5 Rg4+ 40.
Kh6 Rg6# 0-1

[Event "DVM U12 2018"]
[Site "Magdeburg GER"]
[Date "2018.12.27"]
[Round "2"]
[White "Dixon, Laura Michaela"]
[Black "Wagner, Ben"]
[Result "1-0"]
[Termination "normal"]
[Board "5.3"]
[WhiteElo "1481"]
[BlackElo "1194"]
[WhiteTeam "VSG 1880 Offenbach"]
[BlackTeam "Muldental Wilkau-Haßlau"]
[PlyCount "89"]
[WhiteFideId "16248708"]
[BlackFideId "16262298"]
[EventCountry "GER"]
[EventRounds "7"]
[EventType "team-swiss"]
[EventDate "2018.12.26"]

1. e4 d6 2. d4 Nf6 3. Nc3 g6 4. f4 Bg7 5. Nf3 O-O 6. Be2 Nc6 7. O-O b6 8. Be3
Bb7 9. Qd2 Nb8 10. Bd3 Nbd7 11. e5 dxe5 12. fxe5 Nh5 13. g4 Nhf6 14. exf6 Bxf6
15. Ne4 Bxe4 16. Bxe4 Rb8 17. Bh6 Re8 18. Bc6 b5 19. Ne5 Nxe5 20. dxe5 Qxd2 21.
Bxd2 Red8 22. exf6 Rxd2 23. fxe7 Re2 24. Rae1 Rxe1 25. Rxe1 Kg7 26. e8=Q Rxe8
27. Rxe8 Kh6 28. Re7 Kg5 29. Rxf7 Kh4 30. Rxh7+ Kg5 31. Bd7 Kf4 32. Re7 Kg5 33.
Kf2 Kh4 34. Rh7+ Kg5 35. h4+ Kf6 36. Kf3 Ke5 37. h5 g5 38. Rf7 Kd5 39. h6 Kc5
40. Rf5+ Kb4 41. Rxb5+ Ka4 42. Rxg5+ Kb4 43. h7 a6 44. h8=Q a5 45. Qd4# 1-0

[Event "DVM U12 2018"]
[Site "Magdeburg GER"]
[Date "2018.12.27"]
[Round "2"]
[White "Otto, Kian"]
[Black "Hentschker, Josefin"]
[Result "0-1"]
[Termination "normal"]
[Board "5.4"]
[WhiteElo "1101"]
[BlackElo "1216"]
[WhiteTeam "Muldental Wilkau-Haßlau"]
[BlackTeam "VSG 1880 Offenbach"]
[PlyCount "112"]
[BlackFideId "16255810"]
[EventCountry "GER"]
[EventRounds "7"]
[EventType "team-swiss"]
[EventDate "2018.12.26"]

1. e4 e5 2. Nf3 Nc6 3. Bc4 Bc5 4. d3 h6 5. Be3 Bb6 6. Qd2 Nf6 7. Nc3 d6 8. O-O
Bg4 9. Bxb6 axb6 10. Qe3 O-O 11. Nd5 Be6 12. Nxf6+ Qxf6 13. Bxe6 fxe6 14. a3
Ne7 15. d4 exd4 16. Nxd4 e5 17. Nb5 c6 18. Nc3 d5 19. b4 d4 20. Qd3 dxc3 21.
Qxc3 Ng6 22. Qb3+ Kh8 23. c4 Nf4 24. c5 Qg6 25. g3 Ne2+ 26. Kh1 Qxe4+ 27. f3
Qf5 28. Qe3 Nd4 29. Kg2 Nc2 30. Qe2 Nxa1 31. Rxa1 bxc5 32. bxc5 e4 33. fxe4
Qxc5 34. a4 Qd4 35. Rd1 Qxa4 36. Rd7 Qb4 37. Qg4 Ra2+ 38. Kh3 Rg8 39. Qg6 Qb2
40. Rf7 Qxh2+ 41. Kg4 Ra3 42. Kf5 Rf3+ 43. Ke5 Rxg3 44. Qd6 Rg6+ 45. Kd4 Rxd6+
46. Ke3 Qd2+ 47. Kf3 Rf6+ 48. Rxf6 gxf6 49. e5 Qd4 50. e6 Qe5 51. Kf2 Rg5 52.
e7 Rf5+ 53. Kg2 Qxe7 54. Kg3 Qg7+ 55. Kh4 Rf3 56. Kh5 Qg5# 0-1

[Event "DVM U12 2018"]
[Site "Magdeburg GER"]
[Date "2018.12.27"]
[Round "2"]
[White "Kraftsik, Christian"]
[Black "Haschemi, Said Habieb"]
[Result "0-1"]
[Termination "normal"]
[Board "6.1"]
[WhiteElo "1771"]
[BlackElo "1571"]
[WhiteTeam "SC Vaterstetten"]
[BlackTeam "SG 1882 Fürth"]
[PlyCount "136"]
[WhiteFideId "16242548"]
[BlackFideId "16275110"]
[EventCountry "GER"]
[EventRounds "7"]
[EventType "team-swiss"]
[EventDate "2018.12.26"]

1. d4 Nf6 2. c4 c5 3. d5 b5 4. cxb5 a6 5. e3 axb5 6. Nf3 Qa5+ 7. Bd2 b4 8. Bc4
Ba6 9. Qb3 Bxc4 10. Qxc4 Qa6 11. Qxc5 e6 12. Qd4 Nxd5 13. Bc1 Nc6 14. Qd1 b3
15. a3 Ncb4 16. Qxb3 Nd3+ 17. Kd2 Nxf2 18. Rg1 Bb4+ 19. axb4 Ne4+ 20. Kd1 Qxa1
21. Qc2 Qa4 22. Qxa4 Rxa4 23. b5 Ra1 24. Na3 Nxe3+ 25. Ke2 Nd5 26. Nd4 Nd6 27.
b6 Nxb6 28. Ndc2 Rxc1 29. Rxc1 Nbc4 30. Nxc4 Nxc4 31. Nd4 Nd6 32. Rc7 e5 33.
Nf5 Kd8 34. Ra7 Nc8 35. Rb7 g6 36. Nh6 Ke7 37. Rb8 f5 38. b4 Re8 39. b5 Nd6 40.
Rxe8+ Kxe8 41. b6 Nb7 42. g4 Nd6 43. gxf5 gxf5 44. Nxf5 Nxf5 45. b7 Nd4+ 46.
Ke3 Nc6 47. Ke4 d6 48. Kd5 Kd7 49. Ke4 Kc7 50. Kd5 Kxb7 51. Ke4 Kc7 52. h3 Kd7
53. Kd5 Ne7+ 54. Ke4 Ke6 55. Kd3 d5 56. Ke3 e4 57. Kd4 Nf5+ 58. Kc3 Ke5 59. Kd2
d4 60. Ke2 d3+ 61. Kd2 Kd4 62. Ke1 Kc3 63. h4 d2+ 64. Ke2 Kc2 65. h5 d1=Q+ 66.
Kf2 Qf3+ 67. Kg1 Nh4 68. h6 Qg2# 0-1

[Event "DVM U12 2018"]
[Site "Magdeburg GER"]
[Date "2018.12.27"]
[Round "2"]
[White "Gewondow, Narek"]
[Black "Lerchl, Clemens"]
[Result "0-1"]
[Termination "normal"]
[Board "6.2"]
[WhiteElo "1358"]
[BlackElo "1625"]
[WhiteTeam "SG 1882 Fürth"]
[BlackTeam "SC Vaterstetten"]
[PlyCount "86"]
[WhiteFideId "16275128"]
[BlackFideId "16226372"]
[EventCountry "GER"]
[EventRounds "7"]
[EventType "team-swiss"]
[EventDate "2018.12.26"]

1. e4 c5 2. Nf3 d6 3. d4 Nf6 4. Nc3 cxd4 5. Nxd4 g6 6. Be3 Bg7 7. Bc4 O-O 8.
O-O Ng4 9. Qd2 Nxe3 10. Qxe3 Bd7 11. Bd5 Nc6 12. Nxc6 Bxc6 13. Bxc6 bxc6 14.
Kh1 Qc7 15. f4 Rab8 16. Rab1 Rb7 17. f5 Rfb8 18. b3 Rb4 19. Ne2 a5 20. a4 c5
21. c4 Qb7 22. Rf3 Rxa4 23. fxg6 fxg6 24. Qd3 Ra3 25. Qd5+ Qxd5 26. exd5 a4 27.
Nc1 Bh6 28. Rc3 Bxc1 29. Rcxc1 Raxb3 30. Rxb3 Rxb3 31. Ra1 Rb4 32. h3 Rxc4 33.
Kh2 Rb4 34. Re1 Kf8 35. Ra1 c4 36. Rc1 a3 37. Ra1 Rb3 38. Rc1 c3 39. Ra1 c2 40.
Rc1 a2 41. Rxc2 a1=Q 42. Rc8+ Kf7 43. Rc7 Qe1 0-1

[Event "DVM U12 2018"]
[Site "Magdeburg GER"]
[Date "2018.12.27"]
[Round "2"]
[White "Karpen, Jakob"]
[Black "Levitskii, Philipp"]
[Result "0-1"]
[Termination "normal"]
[Board "6.3"]
[WhiteElo "1336"]
[BlackElo "1267"]
[WhiteTeam "SC Vaterstetten"]
[BlackTeam "SG 1882 Fürth"]
[PlyCount "142"]
[WhiteFideId "16255453"]
[BlackFideId "16275136"]
[EventCountry "GER"]
[EventRounds "7"]
[EventType "team-swiss"]
[EventDate "2018.12.26"]

1. e4 e5 2. Nf3 Nc6 3. d4 d6 4. dxe5 Bg4 5. Nc3 Qe7 6. Nd5 Qd7 7. Bb5 O-O-O 8.
Nb4 Nge7 9. Bg5 Qe6 10. Nxc6 bxc6 11. Ba6+ Kb8 12. Qd4 c5 13. Qd3 Ka8 14. Bxe7
Bxe7 15. Bc4 Qd7 16. exd6 Qxd6 17. Bd5+ c6 18. Bc4 Qh6 19. Qb3 Bxf3 20. Qxf3
Qd2+ 21. Kf1 Qxc2 22. Re1 Qxc4+ 23. Kg1 Qxa2 24. g3 f6 25. e5 Qd5 26. Qxd5 cxd5
27. e6 Rd6 28. Kg2 Rb8 29. Re2 Kb7 30. Rc1 Kc6 31. f4 g6 32. g4 c4 33. f5 g5
34. h4 h6 35. Rh1 Kc5 36. hxg5 hxg5 37. Rh7 Re8 38. Rh3 a5 39. b3 Rc8 40. Ra2
Kb4 41. bxc4 Rxc4 42. Rb2+ Kc5 43. Ra3 Rxg4+ 44. Kh3 Rh4+ 45. Kg3 a4 46. Rc3+
Rc4 47. Rxc4+ dxc4 48. Rb7 Bf8 49. e7 Bxe7 50. Rxe7 c3 51. Rc7+ Rc6 52. Re7 Rd6
53. Re1 Kc4 54. Kf2 c2 55. Ke2 Kc3 56. Rc1 Kb2 57. Rxc2+ Kxc2 58. Kf3 a3 59.
Kg4 a2 60. Kh5 a1=Q 61. Kg6 Qa2 62. Kh5 Qf7+ 63. Kh6 Qc4 64. Kh5 g4 65. Kh4 g3+
66. Kh3 g2 67. Kxg2 Qf4 68. Kh3 Rd3+ 69. Kg2 Qf3+ 70. Kh2 Qe2+ 71. Kg1 Rd1# 0-1